International Journal of Event and Festival Management

Salvato in:
Dettagli Bibliografici
Natura: Periodico
Lingua:inglese
Pubblicazione: Leeds Emerald Publishing
Tags: Aggiungi Tag
Nessun Tag, puoi essere il primo ad aggiungerne!!

MARC

LEADER 00000nas1a2200000 4500
001 0314313
005 20260121134647.6
022 |a 1758-2954 
022 |a 1758-2962 
041 0 |a eng 
044 |a GB 
245 1 0 |a International Journal of Event and Festival Management 
264 1 |a Leeds  |b Emerald Publishing